000 00718nam a2200289Ia 4500
005 20260324133552.0
008 008 260324s9999 xx 000 0 eng d
020 _a9781410609687
037 _aEBOOK
040 _aCRL
040 _beng
040 _cCRL
041 _2eng
041 _aeng
084 _qCRL
100 _aAlison Alexander; C. Ann Hollifield; Albert N. Greco; James Owers; Rod Carveth
_91193584
245 0 _aMedia Economics
245 0 _bTheory and Practice
260 _bTaylor and Francis
260 _c2003
365 _a
365 _b265
856 _uhttp://www.taylorfrancis.com/books/9781410609687
942 _cEBOOK
999 _c1792754
_d1792754